000 00814nas a2200253 4500
001 BR0904761
003 BR-BrBNA
005 20231205113535.0
007 ta
008 230509b bl.|||p| |||| 00| 00por d
040 _aBR-BrBNA
_bpor
_cBiblioteca Nacional de Agricultura
041 _a(Pt)
072 _aE12
100 1 _aRezende, C.F. de
100 1 _aAndrade, D.M.
100 1 _aRezende, D.C. de
245 1 _aO processo de sucessão em empresas familiares: um estado de caso no ramo de laticínios no Sul de Minas Gerais.
650 _aLEITE
650 _aEMPRESA FAMILIAR
650 _aMINAS GERAIS
773 0 _tOrganizações Rurais e Agroindustriais (Brazil)
_xISSN 1517-3879
_g(Jan-Jun 2004), v. 6(1) p. 107-118
_wBR0904761
909 _a202311
_bLúcia
_c55
_dLúcia Elande
942 _2AGRIS
_n0
_cANA
999 _c204317
_d204317